Networking : (Record no. 83022)
[ view plain ]
| 000 -LEADER | |
|---|---|
| fixed length control field | 02936nam a22002537a 4500 |
| 010 ## - LCCN (DPL NO) | |
| LC control number | ENG-109555 |
| 020 ## - INTERNATIONAL STANDARD BOOK NUMBER | |
| Terms of availability | 595.00 |
| International Standard Book Number | 9789351344728 |
| 020 ## - INTERNATIONAL STANDARD BOOK NUMBER | |
| Terms of availability | 595.00 |
| International Standard Book Number | 935134472x |
| 035 ## - SYSTEM CONTROL NUMBER | |
| System control number | EN-93088 |
| 037 ## - SOURCE OF ACQUISITION | |
| Source of stock number/acquisition | DBAD/PUB |
| 082 ## - DEWEY DECIMAL CLASSIFICATION NUMBER | |
| Classification number | 004.6 |
| 100 ## - MAIN ENTRY--PERSONAL NAME | |
| Personal name | Hallberg, Bruce |
| Dates associated with a name | 1964- |
| 245 00 - TITLE STATEMENT | |
| Title | Networking : |
| Statement of responsibility, etc | by Bruce Hallberg |
| Remainder of title | a beginner's guide / |
| 250 ## - EDITION STATEMENT | |
| Edition statement | 6th ed |
| 260 ## - PUBLICATION, DISTRIBUTION, ETC. (IMPRINT) | |
| Place of publication, distribution, etc | New Delhi |
| Name of publisher, distributor, etc | McGraw Hill Education |
| Date of publication, distribution, etc | 2014 |
| 270 ## - ADDRESS | |
| Address | P-24, Green Park Extn. |
| City | New Delhi |
| Postal code | 110016 |
| 300 ## - PHYSICAL DESCRIPTION | |
| Extent | xxi,393p. : |
| Dimensions | 24cm(pbk) |
| Other physical details | ill. |
| 500 ## - GENERAL NOTE | |
| General note | Includes index |
| 505 ## - FORMATTED CONTENTS NOTE | |
| Formatted contents note | Part 1 : Networking ins and outs. The business of networking -- Understanding networking -- Understanding network cabling -- Understanding network hardware -- Making WAN connections -- Understanding networking protocols -- Exploring directory services -- Connections from afar : remote network access -- Securing your network -- Network disaster recovery -- Network servers : everything you wanted to know but were afraid to ask -- Purchasing and managing client computers -- Designing a network -- Part 2 : Hands-on knowledge. Installing and setting up Windows Server 2012 -- Administering Windows Server 2012 : the basics -- Introducing Exchange Server 2013 -- Understanding other Windows Server 2012 services -- Installing Linux -- Introduction to Linux systems administrations -- Setting up a Linux web server with Apache -- Introduction to virtualization -- Glossary. |
| 520 ## - SUMMARY, ETC. | |
| Summary, etc | Current, essential IT networking skills made easy! Thoroughly revised to cover the latest technologies, this practical resource provides you with a solid foundation in networking fundamentals. Networking: A Beginner’s Guide, Sixth Edition discusses wired and wireless network design, configuration, hardware, protocols, security, backup, recovery, and virtualization. You’ll also get step-by-step instructions for installing, configuring, and managing Windows Server 2012, Exchange Server 2013, Oracle Linux, and Apache. This is the perfect book for anyone starting a networking career or in need of an easy-to-follow refresher. Understand network cabling, topologies, hardware, and the OSI seven-layer model; Connect LANs and WANs; Configure network protocols, such as TCP/IP, IPX/SPX, SMTP, DHCP, HTTP, WINS, and more; Explore directory services, such as Microsoft’s Active Directory, X.400, and LDAP; Enable and support remote network access; Secure your network and handle backup and disaster recovery; Select, install, and manage reliable network servers, including Windows Server 2012, Exchange Server 2013, Oracle Linux, and Apache; Manage network workstation computers; Design a robust network from the ground up; Work with virtualization technologies, such as Hyper-V, VMWare, and Oracle VM VirtualBox. - |c Publisher. |
| 650 ## - SUBJECT ADDED ENTRY--TOPICAL TERM | |
| Topical term or geographic name as entry element | Computer networks. |
| 650 ## - SUBJECT ADDED ENTRY--TOPICAL TERM | |
| Topical term or geographic name as entry element | Internetworking (Telecommunication) |
| 942 ## - ADDED ENTRY ELEMENTS (KOHA) | |
| Source of classification or shelving scheme | Dewey Decimal Classification |
| Item type | English Books |
| Call number suffix | HAL |
| Classification part | 004.6 |
| Withdrawn status | Lost status | Not for loan | Collection code | Home library | Current library | Date acquired | Source of acquisition | Cost, normal purchase price | Full call number | Barcode | Copy number | Cost, replacement price | Koha item type |
|---|---|---|---|---|---|---|---|---|---|---|---|---|---|
| Not For Loan | Non-fiction | D.B.Act.Division | D.B.Act.Division | 14/03/2014 | DBAD/PUB | 595.00 | 004.6 HAL | EN-93088 | 1 | 595.00 | English Books |
